| 000 | 01013nam0a2200301 i 4500 | ||
|---|---|---|---|
| 001 | RU\NLR\bibl\1951740 | ||
| 005 | 20260426030803.0 | ||
| 010 |
_a9785271397189 _92500 |
||
| 021 |
_aRU _b2012-68285 _95012 |
||
| 035 | _a(NLR Aleph) 001940873 | ||
| 090 |
_a3563660 _c3563660 |
||
| 100 | _a20121005d2012 u y0rusy50 ca | ||
| 101 | 1 |
_arus _ceng |
|
| 102 | _aRU | ||
| 105 | _ay ||||||||| | ||
| 200 | 1 |
_aПесни обреченного _fХантер С. Томпсон _g[пер. с англ. А.А. Лепилина] |
|
| 210 |
_aМосква _cАстрель _d2012 |
||
| 215 |
_a350 с. _d21 |
||
| 225 | 1 | _aАльтернатива | |
| 320 | _aДр. произведения авт. на 4-й с. обл. | ||
| 700 | 1 |
_4070 _7ca _8rus _aТомпсон _bХ. С. _f1937-2005 _gХантер Стоктон _3RU\NLR\AUTH\770253643 _9253587 |
|
| 801 | 0 |
_aRU _bNLR _c20121005 _gRCR |
|
| 801 | 1 |
_aRU _bNLR _c20121005 |
|
| 830 | _aавт. по ЭК | ||
| 942 | _cBOOK | ||
| 980 | _aNBR | ||